Физико-технические проблемы атомной науки, энергетики и промышленности: сборник тезисов докладов VI Международной научно-практической конференции, г. Томск, 5-7 июня 2014 г.

Bibliographische Detailangaben
Körperschaften: Физико-технические проблемы атомной науки, энергетики и промышленности научно-практическая конференция, Национальный исследовательский Томский политехнический университет (ТПУ)
Weitere Verfasser: Долматов О. Ю. Олег Юрьевич (редактор), Ливенцов С. Н. Сергей Николаевич, Чурсин Ю. А. Юрий Александрович
Zusammenfassung:Заглавие с экрана
Сборник тезисов докладов включает материалы VI Международной научно-практической конференции "Физико-технические проблемы атомной науки, энергетики и промышленности". Конференция проводится на Физико-техническом институте Томского политехнического университета 5 - 7 июня 2014 г. Материалы сборника представлены в авторской редакции
Sprache:Russisch
Veröffentlicht: Томск, Изд-во ТПУ, 2014
Schlagworte:
Online-Zugang:http://earchive.tpu.ru/handle/11683/73279
Format: MixedMaterials Elektronisch Buch
KOHA link:https://koha.lib.tpu.ru/cgi-bin/koha/opac-detail.pl?biblionumber=606841

MARC

LEADER 00000nam0a2200000 4500
001 606841
005 20240131152006.0
035 |a (RuTPU)RU\TPU\conf\4220 
090 |a 606841 
100 |a 20140618d2014 k y0rusy50 ca 
101 0 |a rus 
102 |a RU 
105 |a a z 101zy 
135 |a drcn ---uucaa 
181 0 |a i  
182 0 |a b 
200 1 |a Физико-технические проблемы атомной науки, энергетики и промышленности  |e сборник тезисов докладов VI Международной научно-практической конференции, г. Томск, 5-7 июня 2014 г.  |f Национальный исследовательский Томский политехнический университет (ТПУ) ; ред. коллегия О. Ю. Долматов ; С. Н. Ливенцов ; Ю. А. Чурсин 
203 |a Текст  |c электронный 
210 |a Томск  |c Изд-во ТПУ  |d 2014 
300 |a Заглавие с экрана 
330 |a Сборник тезисов докладов включает материалы VI Международной научно-практической конференции "Физико-технические проблемы атомной науки, энергетики и промышленности". Конференция проводится на Физико-техническом институте Томского политехнического университета 5 - 7 июня 2014 г. Материалы сборника представлены в авторской редакции 
337 |a Adobe Reader 
606 1 |a Атомная энергетика  |2 stltpush  |3 (RuTPU)RU\TPU\subj\29676  |9 52954 
610 1 |a электронный ресурс 
610 1 |a труды учёных ТПУ 
610 1 |a материалы конференций 
610 1 |a атомная промышленность 
610 1 |a прикладная ядерная физика 
610 1 |a ядерные реакторы 
610 1 |a топливные циклы 
610 1 |a ионизирующие излучения 
610 1 |a взаимодействие с веществом 
610 1 |a радиационная безопасность 
610 1 |a ядерноопасные материалы 
610 1 |a нераспространение 
610 1 |a редкие элементы 
610 1 |a рассеянные элементы 
610 1 |a радиоактивные элементы 
610 1 |a химическая технология 
610 1 |a изотопы 
610 1 |a разделение 
610 1 |a информационные технологии 
610 1 |a автоматизация 
610 1 |a конференции 
610 1 |a специалисты 
610 1 |a подготовка 
675 |a 621.039(063)  |v 3 
702 1 |a Долматов  |b О. Ю.  |c физик  |c кандидат физико-математических наук  |f 1967-  |g Олег Юрьевич  |3 (RuTPU)RU\TPU\pers\26450  |4 340  |9 12153 
702 1 |a Ливенцов  |b С. Н.  |c специалист в области автоматического управления  |c профессор Томского политехнического университета, доктор технических наук  |f 1955-  |g Сергей Николаевич  |3 (RuTPU)RU\TPU\pers\25467  |4 340  |9 11406 
702 1 |a Чурсин  |b Ю. А.  |c специалист в области физических установок  |c доцент Томского политехнического университета  |f 1984-  |g Юрий Александрович  |3 (RuTPU)RU\TPU\pers\25742  |4 340 
712 1 2 |a Физико-технические проблемы атомной науки, энергетики и промышленности  |b научно-практическая конференция  |d 6  |e Томск  |f 2014 
712 0 2 |a Национальный исследовательский Томский политехнический университет (ТПУ)  |c (2009- )  |3 (RuTPU)RU\TPU\col\15902 
801 2 |a RU  |b 63413507  |c 20221027  |g RCR 
856 4 |u http://earchive.tpu.ru/handle/11683/73279 
942 |c BK